احكام الوقف و الصدقات / (رقم التسجيلة. 137635)

تفاصيل مارك
000 -LEADER
fixed length control field 00829nam a22002057a 4500
005 - DATE AND TIME OF LATEST TRANSACTION
control field 20251108175603.0
008 - FIXED-LENGTH DATA ELEMENTS--GENERAL INFORMATION
fixed length control field 250721s2017 xx 000 0 ara d
082 14 - DEWEY DECIMAL CLASSIFICATION NUMBER
Classification number م/216.393/خصا
100 1# - MAIN ENTRY--PERSONAL NAME
Personal name الخصاف، أبو بكر أحمد بن عمر بن مهير الشيباني
245 10 - TITLE STATEMENT
Title احكام الوقف و الصدقات /
264 1# - PRODUCTION, PUBLICATION, DISTRIBUTION, MANUFACTURE, AND COPYRIGHT NOTICE
Place of production, publication, distribution, manufacture بيروت :
Name of producer, publisher, distributor, manufacturer مؤسسة الرسالة ناشرون،
Date of production, publication, distribution, manufacture, or copyright notice 2017.
300 ## - PHYSICAL DESCRIPTION
Extent 664ص
500 ## - GENERAL NOTE
General note أصل هذا الكتاب رسالة علمية نال بها المحقق درجة الدكتوراه في القانون والفقه وأصوله بتقدير جيد جداً
650 17 - SUBJECT ADDED ENTRY--TOPICAL TERM
Topical term or geographic name as entry element الفقه الاسلامي
650 17 - SUBJECT ADDED ENTRY--TOPICAL TERM
Topical term or geographic name as entry element الوقف
650 17 - SUBJECT ADDED ENTRY--TOPICAL TERM
Topical term or geographic name as entry element الصدقة
700 1# - ADDED ENTRY--PERSONAL NAME
Personal name البداح، صبح عقلة
Relator term محقق
942 ## - ADDED ENTRY ELEMENTS (KOHA)
Source of classification or shelving scheme Dewey Decimal Classification
Koha item type مراجع
المقتنيات
حالة السحب حالة الفقدان مصدر التصنيف حالة التلف غير قابل للإعارة المكتبة الرئيسية المكتبة الحالية موقع الرف تاريخ التزويد الرقم المتسلسل Total Checkouts رقم الإستدعاء الباركود تاريخ آخر ظهور تاريخ الفاتورة نوع المادة (كوها)
    Dewey Decimal Classification   Not For Loan المكتبة المركزية المكتبة المركزية مراجع 28/07/2025 1686539   م/216.393/خصا PLD00426035 28/07/2025 28/07/2025 مراجع
Implemented & Customized by: BBB with SCIT (Smart Chains for Information Technology)

Powered by Koha